[Event "DVM U16w 2021"]
[Site "Berlin GER"]
[Date "2022.04.30"]
[Round "2"]
[White "Berghold, Lotta"]
[Black "Hergenröder, Cora"]
[Result "1-0"]
[Termination "normal"]
[Board "5.2"]
[WhiteElo "1482"]
[BlackElo "1437"]
[WhiteClock "00:04:07"]
[BlackClock "00:54:42"]
[WhiteTeam "SC Borussia Lichtenberg"]
[BlackTeam "ATSV Oberkotzau"]
[PlyCount "99"]
[WhiteFideId "16243463"]
[BlackFideId "34603700"]
[EventCountry "GER"]
[EventRounds "7"]
[EventType "team-swiss"]
[EventDate "2022.04.29"]

1. d4 {[%clk 1:30:58]} d5 {[%clk 1:30:55]} 2. Nf3 {[%clk 1:31:16]} Nf6 {[%clk
1:31:18]} 3. e3 {[%clk 1:31:44]} Bf5 {[%clk 1:31:18]} 4. c4 {[%clk 1:26:53]} e6
{[%clk 1:31:33]} 5. a3 {[%clk 1:26:26]} Nbd7 {[%clk 1:31:06]} 6. Nc3 {[%clk
1:26:32]} c6 {[%clk 1:25:39]} 7. Be2 {[%clk 1:25:35]} Qc7 {[%clk 1:24:32]} 8.
O-O {[%clk 1:24:40]} Be7 {[%clk 1:24:10]} 9. Bd2 {[%clk 1:20:02]} O-O {[%clk
1:22:04]} 10. Rc1 {[%clk 1:15:35]} Rac8 {[%clk 1:17:25]} 11. Nh4 {[%clk
1:02:18]} Be4 {[%clk 1:17:33]} 12. Nxe4 {[%clk 0:59:43]} Nxe4 {[%clk 1:17:54]}
13. Nf3 {[%clk 1:00:08]} Nxd2 {[%clk 1:16:51]} 14. Nxd2 {[%clk 0:59:40]} Qb8
{[%clk 1:13:42]} 15. b4 {[%clk 0:58:22]} Qa8 {[%clk 1:09:50]} 16. Nb3 {[%clk
0:49:57]} dxc4 {[%clk 1:08:19]} 17. Rxc4 {[%clk 0:41:03]} Nb6 {[%clk 1:08:30]}
18. Rc2 {[%clk 0:41:22]} Rfd8 {[%clk 1:08:11]} 19. Bd3 {[%clk 0:39:01]} Nd7
{[%clk 1:05:16]} 20. f4 {[%clk 0:26:22]} Nb6 {[%clk 1:04:35]} 21. Qf3 {[%clk
0:23:25]} g6 {[%clk 0:57:12]} 22. g4 {[%clk 0:22:25]} f5 {[%clk 0:52:15]} 23.
Rg2 {[%clk 0:21:01]} Kh8 {[%clk 0:51:20]} 24. Qf2 {[%clk 0:11:29]} Nd5 {[%clk
0:45:19]} 25. Nc5 {[%clk 0:09:58]} Bxc5 {[%clk 0:45:05]} 26. bxc5 {[%clk
0:10:09]} Qb8 {[%clk 0:44:59]} 27. h4 {[%clk 0:09:40]} Qc7 {[%clk 0:41:42]} 28.
Qf3 {[%clk 0:09:06]} Re8 {[%clk 0:41:41]} 29. Rh2 {[%clk 0:07:37]} fxg4 {[%clk
0:40:00]} 30. Qg3 {[%clk 0:05:18]} Qf7 {[%clk 0:39:22]} 31. Be2 {[%clk
0:04:23]} h5 {[%clk 0:39:34]} 32. Rhf2 {[%clk 0:02:33]} Qc7 {[%clk 0:39:10]}
33. Bd3 {[%clk 0:02:15]} Kg7 {[%clk 0:39:22]} 34. e4 {[%clk 0:01:31]} Nf6
{[%clk 0:38:45]} 35. Qe3 {[%clk 0:01:20]} Rcd8 {[%clk 0:37:19]} 36. Bc4 {[%clk
0:01:25]} Qa5 {[%clk 0:35:34]} 37. Rb1 {[%clk 0:00:50]} Qc7 {[%clk 0:35:15]}
38. Rbf1 {[%clk 0:01:10]} Rd7 {[%clk 0:35:23]} 39. Bd3 {[%clk 0:01:12]} Qd8
{[%clk 0:35:42]} 40. Rb1 {[%clk 0:01:03]} Ng8 {[%clk 0:34:17]} 41. Qg3 {[%clk
0:29:56]} Ree7 {[%clk 1:03:48]} 42. f5 {[%clk 0:23:22]} Rxd4 {[%clk 1:03:36]}
43. Qe5+ {[%clk 0:23:20]} Kh6 {[%clk 0:53:50]} 44. Qf4+ {[%clk 0:18:28]} Kh7
{[%clk 0:54:07]} 45. fxg6+ {[%clk 0:17:58]} Kg7 {[%clk 0:54:15]} 46. Qe5+
{[%clk 0:17:25]} Kh6 {[%clk 0:54:36]} 47. Qg5+ {[%clk 0:16:14]} Kg7 {[%clk
0:54:50]} 48. Rbf1 {[%clk 0:06:29]} Rdd7 {[%clk 0:54:25]} 49. Rf7+ {[%clk
0:03:54]} Kh8 {[%clk 0:54:42]} 50. Qxh5+ {[%clk 0:04:07]} 1-0

[Event "DVM U16w 2021"]
[Site "Berlin GER"]
[Date "2022.04.30"]
[Round "2"]
[White "Leuchsenring, Delia"]
[Black "Hafermann, Lara"]
[Result "0-1"]
[Termination "normal"]
[Board "5.3"]
[WhiteElo "1115"]
[BlackElo "1384"]
[WhiteClock "00:50:14"]
[BlackClock "00:20:30"]
[WhiteTeam "ATSV Oberkotzau"]
[BlackTeam "SC Borussia Lichtenberg"]
[PlyCount "110"]
[WhiteFideId "34605304"]
[BlackFideId "16298306"]
[EventCountry "GER"]
[EventRounds "7"]
[EventType "team-swiss"]
[EventDate "2022.04.29"]

1. e4 {[%clk 1:30:59]} d6 {[%clk 1:30:57]} 2. d4 {[%clk 1:31:21]} g6 {[%clk
1:31:21]} 3. Nf3 {[%clk 1:31:33]} Bg7 {[%clk 1:31:41]} 4. Nc3 {[%clk 1:31:26]}
Nf6 {[%clk 1:31:34]} 5. Bg5 {[%clk 1:30:51]} h6 {[%clk 1:29:23]} 6. Bf4 {[%clk
1:29:52]} O-O {[%clk 1:28:41]} 7. Bc4 {[%clk 1:28:56]} Nc6 {[%clk 1:27:05]} 8.
O-O {[%clk 1:28:02]} Nd7 {[%clk 1:25:17]} 9. Qd2 {[%clk 1:26:55]} Kh7 {[%clk
1:25:29]} 10. Ne2 {[%clk 1:24:01]} e5 {[%clk 1:23:20]} 11. Be3 {[%clk 1:22:34]}
f5 {[%clk 1:19:36]} 12. Qd3 {[%clk 1:19:50]} Nb6 {[%clk 1:17:36]} 13. Rad1
{[%clk 1:15:33]} fxe4 {[%clk 1:16:17]} 14. Qxe4 {[%clk 1:14:19]} Nxc4 {[%clk
1:15:24]} 15. d5 {[%clk 1:12:12]} Nxe3 {[%clk 1:15:42]} 16. fxe3 {[%clk
1:11:55]} Bf5 {[%clk 1:13:45]} 17. Qa4 {[%clk 1:11:00]} Ne7 {[%clk 1:08:37]}
18. e4 {[%clk 1:09:06]} Bg4 {[%clk 1:08:01]} 19. Qb3 {[%clk 1:08:55]} Bxf3
{[%clk 1:06:55]} 20. Rxf3 {[%clk 1:09:02]} Rxf3 {[%clk 1:07:17]} 21. Qxf3
{[%clk 1:09:19]} Qd7 {[%clk 1:01:28]} 22. Rd3 {[%clk 1:07:26]} Rf8 {[%clk
0:58:32]} 23. Qe3 {[%clk 1:05:53]} a6 {[%clk 0:52:04]} 24. Ng3 {[%clk 1:03:35]}
Qa4 {[%clk 0:50:09]} 25. Rc3 {[%clk 1:02:38]} Qxa2 {[%clk 0:50:21]} 26. Qc1
{[%clk 1:02:21]} Qa5 {[%clk 0:50:11]} 27. Rb3 {[%clk 1:00:22]} Qc5+ {[%clk
0:37:19]} 28. Kh1 {[%clk 0:59:45]} Qa7 {[%clk 0:35:32]} 29. Rc3 {[%clk
0:58:33]} b6 {[%clk 0:34:48]} 30. Qd1 {[%clk 0:58:18]} Qb8 {[%clk 0:32:13]} 31.
Qe2 {[%clk 0:58:01]} h5 {[%clk 0:27:12]} 32. Qxa6 {[%clk 0:55:58]} Qa8 {[%clk
0:27:17]} 33. Qxa8 {[%clk 0:54:29]} Rxa8 {[%clk 0:27:39]} 34. Kg1 {[%clk
0:54:36]} Ra7 {[%clk 0:26:25]} 35. Kf2 {[%clk 0:52:48]} Bh6 {[%clk 0:25:17]}
36. Rf3 {[%clk 0:52:41]} Kg7 {[%clk 0:25:05]} 37. h4 {[%clk 0:50:20]} Ng8
{[%clk 0:25:15]} 38. Ne2 {[%clk 0:50:24]} Nf6 {[%clk 0:25:22]} 39. Nc3 {[%clk
0:49:51]} Ra5 {[%clk 0:18:48]} 40. Rd3 {[%clk 0:49:06]} Bc1 {[%clk 0:18:25]}
41. b3 {[%clk 0:49:04]} Bb2 {[%clk 0:15:59]} 42. Kf3 {[%clk 0:48:47]} Bxc3
{[%clk 0:16:05]} 43. Rxc3 {[%clk 0:49:02]} Rc5 {[%clk 0:16:23]} 44. Rxc5 {[%clk
0:48:57]} bxc5 {[%clk 0:16:45]} 45. c3 {[%clk 0:49:02]} Kf7 {[%clk 0:17:02]}
46. c4 {[%clk 0:48:53]} Ke7 {[%clk 0:17:22]} 47. g3 {[%clk 0:49:09]} Kd7 {[%clk
0:17:45]} 48. Ke3 {[%clk 0:49:21]} Kc8 {[%clk 0:17:58]} 49. Kd3 {[%clk
0:49:36]} Kb7 {[%clk 0:18:20]} 50. Ke3 {[%clk 0:49:41]} Kb6 {[%clk 0:18:43]}
51. Kd3 {[%clk 0:49:48]} Ka5 {[%clk 0:19:06]} 52. Ke3 {[%clk 0:49:26]} Kb4
{[%clk 0:19:26]} 53. Kd3 {[%clk 0:49:47]} Kxb3 {[%clk 0:19:48]} 54. Ke3 {[%clk
0:49:54]} Kxc4 {[%clk 0:20:11]} 55. Kf3 {[%clk 0:50:14]} Kd3 {[%clk 0:20:30]}
0-1

[Event "DVM U16w 2021"]
[Site "Berlin GER"]
[Date "2022.04.30"]
[Round "2"]
[White "Dominick, Johanna"]
[Black "Köppel, Clementine"]
[Result "0-1"]
[Termination "normal"]
[Board "5.4"]
[WhiteElo "1043"]
[BlackElo "1178"]
[WhiteClock "01:24:44"]
[BlackClock "00:50:53"]
[WhiteTeam "SC Borussia Lichtenberg"]
[BlackTeam "ATSV Oberkotzau"]
[PlyCount "88"]
[WhiteFideId "16296532"]
[BlackFideId "34605819"]
[EventCountry "GER"]
[EventRounds "7"]
[EventType "team-swiss"]
[EventDate "2022.04.29"]

1. d4 {[%clk 1:30:58]} d5 {[%clk 1:30:53]} 2. Nf3 {[%clk 1:31:25]} Nf6 {[%clk
1:30:43]} 3. e3 {[%clk 1:31:46]} Nc6 {[%clk 1:30:18]} 4. c3 {[%clk 1:32:00]}
Bg4 {[%clk 1:29:17]} 5. h3 {[%clk 1:32:12]} Bh5 {[%clk 1:28:14]} 6. Bd3 {[%clk
1:32:27]} e5 {[%clk 1:25:33]} 7. dxe5 {[%clk 1:32:34]} Nxe5 {[%clk 1:25:53]} 8.
Be2 {[%clk 1:32:47]} Bxf3 {[%clk 1:25:37]} 9. gxf3 {[%clk 1:32:55]} Bc5 {[%clk
1:21:09]} 10. f4 {[%clk 1:32:37]} Nc4 {[%clk 1:20:28]} 11. Bxc4 {[%clk
1:32:08]} dxc4 {[%clk 1:20:34]} 12. Qxd8+ {[%clk 1:32:33]} Rxd8 {[%clk
1:20:55]} 13. Nd2 {[%clk 1:32:06]} b5 {[%clk 1:18:29]} 14. Nf3 {[%clk 1:31:48]}
O-O {[%clk 1:15:27]} 15. Bd2 {[%clk 1:30:07]} Ne4 {[%clk 1:10:01]} 16. Rd1 Rd6
{[%clk 1:09:42]} 17. Bc1 {[%clk 1:27:08]} Rxd1+ {[%clk 1:09:42]} 18. Kxd1
{[%clk 1:27:27]} Nxf2+ {[%clk 1:10:03]} 19. Ke2 {[%clk 1:27:21]} Nxh1 {[%clk
1:10:26]} 20. Ne5 {[%clk 1:27:34]} Ng3+ {[%clk 1:08:17]} 21. Kf3 {[%clk
1:27:31]} Nf5 {[%clk 1:06:41]} 22. Nd7 {[%clk 1:27:46]} Re8 {[%clk 1:04:38]}
23. Nxc5 {[%clk 1:28:01]} Rd8 {[%clk 1:00:45]} 24. b4 {[%clk 1:27:38]} Rd1
{[%clk 1:00:07]} 25. Ba3 {[%clk 1:27:53]} Re1 {[%clk 0:58:09]} 26. e4 {[%clk
1:23:56]} Nd6 {[%clk 0:54:01]} 27. e5 {[%clk 1:21:40]} Nf5 {[%clk 0:52:44]} 28.
Na6 {[%clk 1:21:29]} Re3+ {[%clk 0:49:26]} 29. Kg4 {[%clk 1:21:39]} Rxc3 {[%clk
0:49:33]} 30. Kxf5 {[%clk 1:21:49]} Rxa3 {[%clk 0:49:56]} 31. Nxc7 {[%clk
1:22:14]} Rxh3 {[%clk 0:50:07]} 32. Nxb5 {[%clk 1:22:34]} c3 {[%clk 0:49:36]}
33. Nxc3 {[%clk 1:22:21]} Rxc3 {[%clk 0:49:58]} 34. e6 {[%clk 1:22:45]} fxe6+
{[%clk 0:49:27]} 35. Kxe6 h5 36. Kf5 {[%clk 1:22:11]} h4 {[%clk 0:49:46]} 37.
a4 {[%clk 1:22:37]} h3 {[%clk 0:49:55]} 38. b5 {[%clk 1:22:59]} h2 {[%clk
0:50:19]} 39. a5 {[%clk 1:23:22]} h1=Q {[%clk 0:50:37]} 40. b6 {[%clk 1:23:37]}
axb6 {[%clk 0:51:00]} 41. axb6 {[%clk 1:24:02]} Qc6 {[%clk 0:50:55]} 42. Kg5
{[%clk 1:24:18]} Qxb6 {[%clk 0:51:03]} 43. f5 {[%clk 1:24:41]} Qe3+ {[%clk
0:51:03]} 44. Kg6 {[%clk 1:24:44]} Qh6# {[%clk 0:50:53]} 0-1

[Event "DVM U16w 2021"]
[Site "Berlin GER"]
[Date "2022.04.30"]
[Round "2"]
[White "Fischer, Darja"]
[Black "Reddi, Bhuvana"]
[Result "1/2-1/2"]
[Termination "normal"]
[Board "6.1"]
[WhiteElo "1675"]
[BlackElo "1404"]
[WhiteClock "00:06:45"]
[BlackClock "00:05:12"]
[WhiteTeam "Karlsruher SF 1853"]
[BlackTeam "SC Weisse Dame e.V."]
[PlyCount "84"]
[WhiteFideId "16240898"]
[BlackFideId "16287002"]
[EventCountry "GER"]
[EventRounds "7"]
[EventType "team-swiss"]
[EventDate "2022.04.29"]

1. d4 {[%clk 1:30:58]} Nf6 {[%clk 1:30:56]} 2. c4 {[%clk 1:31:23]} g6 {[%clk
1:31:22]} 3. Nc3 {[%clk 1:31:50]} Bg7 {[%clk 1:31:47]} 4. e4 {[%clk 1:32:14]}
d6 {[%clk 1:32:12]} 5. Nf3 {[%clk 1:32:36]} O-O {[%clk 1:32:32]} 6. Be2 {[%clk
1:32:52]} Nbd7 {[%clk 1:32:28]} 7. O-O {[%clk 1:32:40]} e5 {[%clk 1:32:33]} 8.
d5 {[%clk 1:32:04]} Nc5 {[%clk 1:32:08]} 9. Qc2 {[%clk 1:31:49]} Ne8 {[%clk
1:31:00]} 10. b4 {[%clk 1:24:39]} Nd7 {[%clk 1:31:03]} 11. Be3 {[%clk 1:20:43]}
f5 {[%clk 1:30:20]} 12. Bg5 {[%clk 1:13:16]} Bf6 {[%clk 1:29:14]} 13. Bxf6
{[%clk 1:12:18]} Ndxf6 {[%clk 1:24:04]} 14. exf5 {[%clk 1:05:53]} gxf5 {[%clk
1:23:54]} 15. Nh4 {[%clk 1:03:31]} Ng4 {[%clk 1:15:52]} 16. g3 {[%clk 1:00:55]}
f4 {[%clk 0:59:40]} 17. Qd3 {[%clk 0:55:07]} Kh8 {[%clk 0:57:39]} 18. Ne4
{[%clk 0:53:33]} Rg8 {[%clk 0:54:11]} 19. Nf3 {[%clk 0:48:30]} Bf5 {[%clk
0:51:10]} 20. Nh4 {[%clk 0:44:57]} Bd7 {[%clk 0:47:13]} 21. c5 {[%clk 0:39:09]}
Nef6 {[%clk 0:43:17]} 22. cxd6 {[%clk 0:36:42]} Nxe4 {[%clk 0:35:07]} 23. dxc7
{[%clk 0:36:55]} Qxh4 {[%clk 0:30:08]} 24. Bxg4 {[%clk 0:36:44]} Bxg4 {[%clk
0:25:17]} 25. Qxe4 {[%clk 0:36:38]} Qh5 {[%clk 0:25:28]} 26. f3 {[%clk
0:34:23]} fxg3 {[%clk 0:22:30]} 27. hxg3 {[%clk 0:32:53]} Bh3 {[%clk 0:21:22]}
28. Kf2 {[%clk 0:29:44]} Bxf1 {[%clk 0:21:25]} 29. Rxf1 {[%clk 0:30:08]} Qh2+
{[%clk 0:21:27]} 30. Ke3 {[%clk 0:30:19]} Qxg3 {[%clk 0:20:29]} 31. d6 {[%clk
0:29:33]} Qg5+ {[%clk 0:15:22]} 32. Ke2 {[%clk 0:29:22]} Qf6 {[%clk 0:13:56]}
33. d7 {[%clk 0:29:02]} Qd6 {[%clk 0:08:47]} 34. c8=Q {[%clk 0:20:43]} Raxc8
{[%clk 0:08:51]} 35. dxc8=Q Rxc8 {[%clk 0:08:26]} 36. Rd1 {[%clk 0:20:50]} Qa6+
{[%clk 0:07:23]} 37. Ke1 {[%clk 0:21:00]} Qf6 {[%clk 0:05:53]} 38. Rd7 {[%clk
0:17:32]} Qh6 {[%clk 0:04:03]} 39. Qxe5+ {[%clk 0:16:21]} Kg8 {[%clk 0:04:24]}
40. Qd5+ {[%clk 0:07:36]} Kh8 {[%clk 0:04:46]} 41. Qd4+ {[%clk 0:07:27]} Kg8
{[%clk 0:05:00]} 42. Qd5+ {[%clk 0:06:45]} Kh8 {[%clk 0:05:12]} 1/2-1/2

[Event "DVM U16w 2021"]
[Site "Berlin GER"]
[Date "2022.04.30"]
[Round "2"]
[White "Fayngold, Sophie"]
[Black "Haug, Mara"]
[Result "0-1"]
[Termination "normal"]
[Board "6.2"]
[WhiteElo "1222"]
[BlackElo "1394"]
[WhiteClock "00:03:52"]
[BlackClock "00:02:12"]
[WhiteTeam "SC Weisse Dame e.V."]
[BlackTeam "Karlsruher SF 1853"]
[PlyCount "76"]
[WhiteFideId "16244761"]
[BlackFideId "16259300"]
[EventCountry "GER"]
[EventRounds "7"]
[EventType "team-swiss"]
[EventDate "2022.04.29"]

1. e4 {[%clk 1:30:57]} c5 {[%clk 1:30:51]} 2. Nf3 {[%clk 1:31:24]} Nc6 {[%clk
1:31:14]} 3. d4 {[%clk 1:31:49]} cxd4 {[%clk 1:31:38]} 4. Nxd4 {[%clk 1:32:14]}
g6 {[%clk 1:31:56]} 5. Nc3 {[%clk 1:32:10]} Bg7 {[%clk 1:32:19]} 6. Be3 {[%clk
1:32:38]} Nf6 {[%clk 1:32:36]} 7. f3 {[%clk 1:33:02]} d6 {[%clk 1:32:41]} 8.
Qd2 {[%clk 1:33:21]} O-O {[%clk 1:31:38]} 9. O-O-O {[%clk 1:33:37]} Bd7 {[%clk
1:28:14]} 10. g4 {[%clk 1:32:28]} a6 {[%clk 1:21:49]} 11. h4 {[%clk 1:31:38]}
h5 {[%clk 1:14:37]} 12. gxh5 {[%clk 1:29:15]} Nxh5 {[%clk 1:14:49]} 13. f4
{[%clk 1:26:52]} Nxd4 {[%clk 1:04:52]} 14. Bxd4 {[%clk 1:24:19]} Bxd4 {[%clk
1:04:53]} 15. Qxd4 {[%clk 1:23:42]} Nxf4 {[%clk 1:04:22]} 16. e5 {[%clk
1:16:40]} Bc6 {[%clk 0:59:08]} 17. Rg1 {[%clk 1:14:27]} Bf3 {[%clk 0:46:38]}
18. Rd2 {[%clk 1:06:30]} Ne6 {[%clk 0:41:32]} 19. Qe3 {[%clk 1:02:10]} Bh5
{[%clk 0:40:47]} 20. Qh6 {[%clk 1:00:21]} Ng7 {[%clk 0:38:54]} 21. Be2 {[%clk
0:57:02]} Bxe2 {[%clk 0:37:40]} 22. Rxe2 {[%clk 0:51:54]} dxe5 {[%clk 0:32:43]}
23. Rxe5 {[%clk 0:50:50]} Qd4 {[%clk 0:31:39]} 24. Rge1 {[%clk 0:43:18]} Rad8
{[%clk 0:19:56]} 25. h5 {[%clk 0:33:08]} Qh4 {[%clk 0:13:35]} 26. R1e4 {[%clk
0:28:25]} Qh1+ {[%clk 0:07:44]} 27. Re1 {[%clk 0:28:45]} Qf3 {[%clk 0:07:43]}
28. hxg6 {[%clk 0:26:18]} fxg6 {[%clk 0:08:12]} 29. Qxg6 {[%clk 0:18:00]} Qf4+
{[%clk 0:08:19]} 30. Kb1 {[%clk 0:15:56]} Qxe5 {[%clk 0:07:53]} 31. Rh1 {[%clk
0:10:32]} Qh5 {[%clk 0:07:08]} 32. Qg2 {[%clk 0:06:50]} Qf3 {[%clk 0:06:25]}
33. Qg1 {[%clk 0:06:57]} Qf2 {[%clk 0:05:42]} 34. Qc1 {[%clk 0:07:19]} Qd2
{[%clk 0:04:55]} 35. Qg1 {[%clk 0:06:25]} Rf2 {[%clk 0:04:57]} 36. Qg6 {[%clk
0:06:49]} Qf4 {[%clk 0:02:27]} 37. Qh7+ {[%clk 0:05:09]} Kf7 {[%clk 0:02:40]}
38. Qh3 {[%clk 0:03:52]} Rh8 {[%clk 0:02:12]} 0-1

[Event "DVM U16w 2021"]
[Site "Berlin GER"]
[Date "2022.04.30"]
[Round "2"]
[White "Kuran, Olivia"]
[Black "Grigoryan, Nare"]
[Result "1/2-1/2"]
[Termination "normal"]
[Board "6.3"]
[WhiteElo "1080"]
[BlackElo "1363"]
[WhiteClock "00:12:14"]
[BlackClock "00:10:54"]
[WhiteTeam "Karlsruher SF 1853"]
[BlackTeam "SC Weisse Dame e.V."]
[PlyCount "60"]
[WhiteFideId "16279670"]
[BlackFideId "34620702"]
[EventCountry "GER"]
[EventRounds "7"]
[EventType "team-swiss"]
[EventDate "2022.04.29"]

1. e4 {[%clk 1:30:58]} e5 {[%clk 1:30:53]} 2. Nf3 {[%clk 1:31:15]} Nc6 {[%clk
1:31:14]} 3. Bc4 {[%clk 1:31:33]} Nf6 {[%clk 1:31:29]} 4. d3 {[%clk 1:31:47]}
Bc5 {[%clk 1:31:47]} 5. c3 {[%clk 1:30:17]} O-O {[%clk 1:31:44]} 6. Bg5 {[%clk
1:30:32]} Be7 {[%clk 1:26:27]} 7. d4 {[%clk 1:25:02]} exd4 {[%clk 1:26:33]} 8.
Bxf6 {[%clk 1:22:53]} Bxf6 {[%clk 1:24:32]} 9. cxd4 {[%clk 1:20:32]} d6 {[%clk
1:20:35]} 10. h3 {[%clk 1:15:06]} Re8 {[%clk 1:16:48]} 11. Nc3 {[%clk 1:12:35]}
Bf5 {[%clk 1:02:32]} 12. Bd5 {[%clk 1:09:15]} Nb4 {[%clk 0:46:20]} 13. Qb3
{[%clk 0:54:00]} Nxd5 {[%clk 0:45:17]} 14. Qxd5 {[%clk 0:52:45]} Qc8 {[%clk
0:38:35]} 15. O-O {[%clk 0:49:29]} Be6 {[%clk 0:36:32]} 16. Qb5 {[%clk
0:47:02]} c6 {[%clk 0:35:56]} 17. Qd3 {[%clk 0:45:14]} d5 {[%clk 0:35:41]} 18.
e5 {[%clk 0:42:40]} Be7 {[%clk 0:35:37]} 19. Ne2 {[%clk 0:40:15]} Bf5 {[%clk
0:34:21]} 20. Qe3 {[%clk 0:37:46]} Qd7 {[%clk 0:29:36]} 21. Ng3 {[%clk
0:35:29]} Rac8 {[%clk 0:28:29]} 22. Qf4 {[%clk 0:33:47]} Bg6 {[%clk 0:26:47]}
23. Ng5 {[%clk 0:31:05]} h6 {[%clk 0:22:17]} 24. Nf3 {[%clk 0:28:14]} c5 {[%clk
0:22:03]} 25. Rfe1 {[%clk 0:20:26]} Qe6 {[%clk 0:19:09]} 26. Rad1 {[%clk
0:18:25]} b6 {[%clk 0:16:53]} 27. Nh4 {[%clk 0:15:48]} Bxh4 {[%clk 0:15:40]}
28. Qxh4 {[%clk 0:15:46]} cxd4 {[%clk 0:13:11]} 29. Qxd4 {[%clk 0:15:00]} Red8
{[%clk 0:12:53]} 30. Rc1 {[%clk 0:12:14]} Rxc1 {[%clk 0:10:54]} 1/2-1/2

[Event "DVM U16w 2021"]
[Site "Berlin GER"]
[Date "2022.04.30"]
[Round "2"]
[White "Zöllner, Bente"]
[Black "Gröschel, Karoline"]
[Result "1-0"]
[Termination "normal"]
[Board "7.1"]
[WhiteElo "1557"]
[BlackElo "1645"]
[WhiteTeam "SC Papenburg"]
[BlackTeam "SK Landau"]
[PlyCount "69"]
[WhiteFideId "16230523"]
[BlackFideId "34610537"]
[EventCountry "GER"]
[EventRounds "7"]
[EventType "team-swiss"]
[EventDate "2022.04.29"]

1. d4 Nf6 2. Nf3 d5 3. c4 e6 4. Nc3 Bb4 5. Bg5 h6 6. Bh4 dxc4 7. a4 c6 8. e3 b5
9. Be2 Bb7 10. O-O a6 11. Ne5 Nbd7 12. Qc2 Be7 13. Bf3 Nxe5 14. dxe5 Nd5
15.Bxe7 Qxe7 16. Bxd5 exd5 17. f4 O-O 18. Rfd1 b4 19. Ne2 f6 20. Ng3 fxe5 21.
fxe5 Qxe5 22. e4 a5 23. Rd2 Rae8 24. Re1 c3 25. bxc3 bxc3 26. Rd3 d4 27. Qb3+
Rf7 28. Rf3 Qe6 29. Qb6 Rd7 30. Qxa5 Qc4 31. Qf5 Rf7 32. Qg6 Rxf3 33. gxf3 Rf8
34. Nf5 Qf7 35. Nxh6+ 1-0

[Event "DVM U16w 2021"]
[Site "Berlin GER"]
[Date "2022.04.30"]
[Round "2"]
[White "Sarian, Gaya"]
[Black "Evering, Enna"]
[Result "1/2-1/2"]
[Termination "normal"]
[Board "7.2"]
[WhiteElo "1154"]
[BlackElo "1464"]
[WhiteTeam "SK Landau"]
[BlackTeam "SC Papenburg"]
[PlyCount "64"]
[WhiteFideId "16266161"]
[BlackFideId "16218213"]
[EventCountry "GER"]
[EventRounds "7"]
[EventType "team-swiss"]
[EventDate "2022.04.29"]

1. e4 e5 2. Nf3 Nc6 3. Bc4 Nf6 4. d3 Be7 5. O-O O-O 6. Bd2 d5 7. exd5 Nxd5 8.
Re1 Bg4 9. h3 Bxf3 10. Qxf3 Nb6 11. Bb3 Bf6 12. Nc3 Na5 13. Ne4 Nxb3 14. Nxf6+
Qxf6 15. Qxf6 gxf6 16. axb3 a6 17. Bh6 Rfe8 18. Re3 Kh8 19. Rae1 Rg8 20. R3e2
Rg6 21. Bd2 Rag8 22. g3 Nd5 23. Re4 Ne7 24. d4 Nc6 25. Bc3 f5 26. Rh4 exd4 27.
Bxd4+ Nxd4 28. Rxd4 Re6 29. Rxe6 fxe6 30. Rd7 Rg7 31. Rd8+ Rg8 32. Rd7 Rg7
1/2-1/2

[Event "DVM U16w 2021"]
[Site "Berlin GER"]
[Date "2022.04.30"]
[Round "2"]
[White "Thiele, Lea-Marie"]
[Black "Jacobasch, Ronja"]
[Result "1-0"]
[Termination "normal"]
[Board "8.1"]
[WhiteElo "1243"]
[BlackElo "1441"]
[WhiteTeam "SK Lehrte von 1919 e. V."]
[BlackTeam "Schachgemeinschaft Leipzig"]
[PlyCount "49"]
[WhiteFideId "16298616"]
[BlackFideId "34604340"]
[EventCountry "GER"]
[EventRounds "7"]
[EventType "team-swiss"]
[EventDate "2022.04.29"]

1. d4 Nf6 2. Nf3 g6 3. Bf4 Bg7 4. Nc3 O-O 5. e4 d6 6. Qd2 c6 7. h4 b5 8. Bh6 b4
9. Ne2 Nxe4 10. Qf4 Nf6 11. h5 Nxh5 12. Rxh5 e5 13. Qg3 exd4 14. Nexd4 Re8+ 15.
Be2 c5 16. Nb5 Qe7 17. O-O-O Qxe2 18. Nxd6 Rd8 19. Bxg7 Kxg7 20. Re1 Qa6 21.
Qe5+ Kg8 22. Rxh7 Kxh7 23. Rh1+ Bh3 24. Rxh3+ Kg8 25. Rh8# 1-0

[Event "DVM U16w 2021"]
[Site "Berlin GER"]
[Date "2022.04.30"]
[Round "2"]
[White "Halas, Neele Zoe"]
[Black "Stelter, Finja"]
[Result "1-0"]
[Termination "normal"]
[Board "8.2"]
[WhiteElo "1422"]
[BlackElo "1416"]
[WhiteTeam "Schachgemeinschaft Leipzig"]
[BlackTeam "SK Lehrte von 1919 e. V."]
[PlyCount "93"]
[WhiteFideId "16287282"]
[BlackFideId "16298624"]
[EventCountry "GER"]
[EventRounds "7"]
[EventType "team-swiss"]
[EventDate "2022.04.29"]

1. e4 c5 2. Nc3 Nc6 3. g3 g6 4. Bg2 Bg7 5. Nge2 Nf6 6. d3 d6 7. O-O O-O 8. Bd2
Be6 9. Qc1 Qd7 10. Bh6 Bh3 11. Bxg7 Kxg7 12. f4 Bxg2 13. Kxg2 Nd4 14. Nxd4 cxd4
15. Ne2 e5 16. h3 Rac8 17. f5 Rc7 18. Qd2 Rfc8 19. c3 dxc3 20. Nxc3 b5 21. Rac1
b4 22. Ne2 Rxc1 23. Rxc1 Rxc1 24. Nxc1 a5 25. fxg6 fxg6 26. Nb3 Qb5 27. Qc2 a4
28. Nd2 a3 29. b3 Qc5 30. Qxc5 dxc5 31. Nc4 Nd7 32. Ne3 Kf6 33. Nd5+ Ke6 34.
Kf2 Nf6 35. Nxf6 Kxf6 36. Kf3 h6 37. Kg4 h5+ 38. Kh4 Kg7 {(=)} 39. Kg5 Kf7 40.
Kh6 Kf6 41. g4 hxg4 42. hxg4 g5 43. Kh5 Kf7 44. Kxg5 Ke6 45. Kh6 Kf6 46. g5+
Kf7 47. Kh7 1-0

[Event "DVM U16w 2021"]
[Site "Berlin GER"]
[Date "2022.04.30"]
[Round "2"]
[White "Daoud, Shahnaz"]
[Black "Amelang, Jamie Alice"]
[Result "1-0"]
[Termination "normal"]
[Board "8.3"]
[WhiteElo "1367"]
[BlackElo "1080"]
[WhiteTeam "SK Lehrte von 1919 e. V."]
[BlackTeam "Schachgemeinschaft Leipzig"]
[PlyCount "59"]
[WhiteFideId "16297750"]
[BlackFideId "34605754"]
[EventCountry "GER"]
[EventRounds "7"]
[EventType "team-swiss"]
[EventDate "2022.04.29"]

1. d4 Nf6 2. Nf3 d6 3. Nc3 Nbd7 4. e4 c6 5. Bd3 e5 6. d5 a5 7. O-O Nc5 8. Bg5
Be7 9. a3 Ncd7 10. Be2 O-O 11. Bxf6 Bxf6 12. dxc6 Nc5 13. b4 Ne6 14. cxb7 Bxb7
15. Nd5 Bxd5 16. Qxd5 Qc7 17. Qd2 Rfc8 18. bxa5 Rxa5 19. Rfe1 Qc3 20. Qxd6 Qxc2
21. Rac1 Qxc1 22. Rxc1 Rxc1+ 23. Bf1 Rxa3 24. Qxa3 Rc8 25. g3 h6 26. Bh3 Rd8
27. Bxe6 fxe6 28. Qa5 Rd1+ 29. Kg2 Bd8 30. Qxe5 1-0